World economic outlook /
Guardado en:
| Autores Corporativos: | , |
|---|---|
| Formato: | Texto |
| Publicado: |
Washington D.C.:
International Monetary Fund
|
| Etiquetas: |
Agregar Etiqueta
Sin Etiquetas, Sea el primero en etiquetar este registro!
|
MARC
| LEADER | 00000 a a2200000 04500 | ||
|---|---|---|---|
| 001 | 22897 | ||
| 003 | |||
| 040 | |||
| 090 | |a 158100 | ||
| 110 | |a International Monetary Fund | ||
| 245 | |a World economic outlook / |c International Monetary Fund | ||
| 260 | |a Washington D.C.: |b International Monetary Fund | ||
| 300 | |a 118 p. |b **no definido** | ||
| 710 | |a FMI | ||
| 999 | |c 17241 |d 17241 | ||
